| 000 | 00947cab a2200241 4500 | ||
|---|---|---|---|
| 001 | WB3105-25 | ||
| 008 | 090401t1995 xxu||||| |||| 00| 0 eng d | ||
| 035 | _a(Sirsi) u20194 | ||
| 041 | _aeng | ||
| 245 | _aContinuing breach | ||
| 260 | _c1995 | ||
| 350 | _a0 | ||
| 490 |
_aEstates Gazette Case Summaries _v(1995) EGCS 5(1) (28/1/95) |
||
| 520 | _a"Dudley Port Warehousing Co Ltd v Gardner Transport & Distribution Ltd" CA 20 January 1995. Allowed D`s appeal that arrears of licence fees for warehouse space were payable by G, despite D`s failure to fulfil assurances specified in the contract, but upheld G`s right to sue for damages. | ||
| 650 | _aBREACH OF CONTRACT | ||
| 650 | _aBREACH OF WARRANTY | ||
| 650 | _aDUDLEY PORT WAREHOUSING V GARDNER TRANSPORT & DISTRIBUTION | ||
| 650 | _aLICENCE FEES | ||
| 650 | _aNON-COMPLIANCE | ||
| 690 | _aLANDLORD AND TENANT-CASE LAW-BUSINESS TENANCIES | ||
| 942 | _n0 | ||
| 948 | _c04/03/1997 | ||
| 999 |
_c13533 _d13533 |
||